000 00617nam a2200241 a 4500
008
020 _a9781444110869 (pbk.)
049 _aMAIN
090 _aK840
_bTUR
100 1 _aTurner, Chris.
245 1 0 _aContract law /
_cChris Turner.
260 _aLondon :
_bHodder Education,
_c2010.
300 _a4th ed.
300 _aiv, 124 p. :
_bill. ;
_c20 cm.
440 _aKey Facts.
500 _aIncludes index.
650 _aLaw.
907 _a.b10319670
_b26-11-14
_c05-10-12
003
005 20230123122121.0
040 _cNUST
942 _cBOOKS
_kK840
_mTUR
999 _c128098
_d128098